000 00546nam a2200193Ia 4500
005 20250326141657.0
008 250326s9999 xx 000 0 und d
020 _a92-2-105457-8
037 _aTextbook
040 _aFMSL
_beng
_cFMSL
041 _aeng
_2eng
084 _aX:3.IC M6
_qFMSL
100 _aI L O
245 0 _aVocational training: Glossary of selected terms.
_cI L O
260 _aGeneva
_bGeneva, International Labour Office
_c1986
300 _aviii,132
942 _cTB
_hX:3.IC M6
999 _c1291451
_d1291451